|
|
|
|
| LEADER |
01282nam a2200361 a 4500 |
| 001 |
000765552 |
| 003 |
CZ BrMZK |
| 005 |
20050418133648.0 |
| 007 |
ta |
| 008 |
050304s2005 xr erp 000 0 cze d |
| 015 |
|
|
|a cnb001501175
|
| 020 |
|
|
|a 80-86764-18-4
|q (brož.)
|
| 035 |
|
|
|a (OCoLC)85138027
|
| 040 |
|
|
|a BOA001
|b cze
|
| 041 |
0 |
|
|a cze
|a eng
|
| 072 |
|
7 |
|a 811.111
|x Angličtina
|2 Konspekt
|9 11
|
| 072 |
|
7 |
|a 37.016
|x Učební osnovy. Vyučovací předměty. Učebnice
|2 Konspekt
|9 22
|
| 080 |
|
|
|a 811.111
|2 MRF
|
| 080 |
|
|
|a (075.8)
|2 MRF
|
| 100 |
1 |
|
|a Dvořáčková, Růžena,
|d 1958-
|7 mzk2005272923
|4 aut
|
| 245 |
1 |
0 |
|a Cizí jazyk I. :
|b general English /
|c Růžena Dvořáčková
|
| 246 |
3 |
3 |
|a General English
|
| 250 |
|
|
|a Vyd. 1.
|
| 260 |
|
|
|a Ostrava :
|b Vysoká škola podnikání,
|c 2005
|
| 300 |
|
|
|a 81 s. ;
|c 30 cm
|
| 504 |
|
|
|a Obsahuje bibliografii
|
| 650 |
0 |
7 |
|a angličtina
|7 ph114056
|2 czenas
|
| 655 |
|
7 |
|a učebnice vysokých škol
|7 fd133772
|2 czenas
|
| 856 |
4 |
1 |
|u http://www.digitalniknihovna.cz/mzk/uuid/uuid:2998bf60-7c49-11e3-9be6-005056827e52
|y Digitalizovaný dokument
|x NDK
|
| 910 |
|
|
|a BOA001
|b 4-1148.427
|
| 990 |
|
|
|a BK
|
| 991 |
|
|
|b 200504
|c NOV
|
| 996 |
6 |
|
|b 2610243772
|c 4-1148.427
|l MZK
|r Sklad / do 1 hodiny
|n 0
|p p.v.
|w 000765552
|u 000010
|a 1
|e BOA001
|j MZK50
|s P
|